The Chase TV Game Show International Versions - Statistics

General Stats
  • This quiz has been taken 5 times
  • The average score is 5 of 12
Answer Stats
Answer % Correct
Australia
100%
United States
100%
Germany
80%
Russia
80%
China
60%
United Kindom
60%
Norway
20%
Turkey
20%
Croatia
0%
Finland
0%
Israel
0%
Serbia
0%
No matching quizzes found
Score Distribution
Percent of People with Each Score
Percentile by Number Answered
Your Score History
You have not taken this quiz